000 00856nam a22002411c 4500
001 9783835316768-nbs
008 150126s2015 gw |||| 000u ger d
020 _a9783835316768
_9978-3-8353-1676-8
100 1 _aRang, Florens Christian
245 0 0 _aDeutsche Bauhütte :
_bein Wort an uns Deutsche über mögliche Gerechtigkeit gegen Belgien und Frankreich und zur Philosophie der Politik /
_cRang, Florens Christian/Steiner, Uwe/Steiner, Uwe/Weber, Anne
250 _aReprint der Erstausgabe
264 _aGöttingen :
_bWallstein,
_c2015
300 _aXII, 224 S.
650 0 _aKriegsschuldfrage
650 0 _aPolitisches Denken
651 0 _aDeutschland
700 1 _aSteiner, Uwe
_eVerfasserIn
700 1 _aWeber, Anne
_eVerfasserIn
700 1 _aSteiner, Uwe
_eHerausgeberIn
942 _cMG
040 _cRU-10907106
003 RU-10907106
999 _c38004
_d38004